000 00432nam a2200181Ia 4500
001 629
005 20260306140532.0
008 260306t2005||||xx |||||||||||||| ||spa||
041 _aESP
082 _a128
_bS79 V. 2
100 _aStein, Edith
_eAUT
245 0 _aEscritos filosóficos :
_b(etapa fenomenológica: 1915-1920)
260 _c2005
300 _a
_c23 cm.
650 _aGEN
654 _aCHU
942 _cLIB
_dJUS
_fJUS
_2ddc
_n
999 _c629
_d629